| 000 | 00847nam a2200265 a 4500 | ||
|---|---|---|---|
| 001 | 000035945 | ||
| 003 | DO-SdBNP | ||
| 005 | 20211018113729.0 | ||
| 008 | 111121s 2003 dr a 000 0 spa d | ||
| 020 | _a9801203773 | ||
| 040 |
_aDO-SdBNP _bspa _cBPMSU |
||
| 082 | 4 |
_a683.32 _bP852a 2003 _222 |
|
| 100 | 1 |
_aPortillo, Julio, _d1944- |
|
| 245 | 1 | 0 |
_aAldabas de Santo Domingo / _cJulio Portillo. |
| 260 |
_aCaracas, Venezuela : _bArte, _c2003. |
||
| 300 |
_a69 p. : _bil. ; _c23 cm. |
||
| 500 | _aIncluye datos biográficos del autor en la solapa de la cubierta | ||
| 590 | _aInventariado, 2021/BT | ||
| 650 | 4 |
_aAldabas _zSanto Domingo (República Dominicana) _x |
|
| 650 | 4 |
_aArte Colonial _zRepública Dominicana _x |
|
| 650 | 4 |
_aBisagras _xNormas técnicas. |
|
| 650 | 4 |
_aPuertas _xNormas técnicas. |
|
| 910 | _aVMateo V. | ||
| 942 |
_2ddc _cBK |
||
| 999 |
_c13794 _d13794 |
||